00615nam a22001817a 4500008004100000020001800041020001500059050002000074100002500094245012600119260003400245300003600279500002000315650001900335650002200354700002900376700002800405161031b xxu||||| |||| 00| 0 eng d a9780073054612 a0073054615 aQM 25 .M32 2013 aMcKinley, Michael P. aAnatomy and Physiology:ban integrative approach/cMichael P. Mckinley, Valerie Dean O'Louglin and theresa Stouter Biddle aNew York:bMcGraw-Hill,c2013 axxxviii, 1169p. :bill. ;c29cm aIncludes index. aHuman anatomy. aHuman physiology. aO'Loughlin, Valerie Dean aBiddle, Theresa Stouter